000 00544nam a2200181Ia 4500
001 18939
005 20260306171707.0
008 260306s9999||||xx |||||||||||||| ||und||
041 _aESP
082 _a658.562
_bL86
100 _aLópez Carrizosa, Francisco José
_eAUT
245 0 _aISO 9000 y la planificación de la calidad:
_bguía para la planificación de la calidad con orientación en la gestión por procesos
260 _c2012
300 _a126 páginas :
_c21cm.
650 _aGEN
654 _aCAN
942 _cLIB
_dJUS
_fJUS
_2ddc
_n
999 _c18939
_d18939